Curso práctico de farmacología fundamental para estudiantes de medicina / (Record no. 64241)

MARC details
000 -LEADER
campo de control de longitud fija 00669nam a2200193 i 4500
001 - NÚMERO DE CONTROL
campo de control 64241
003 - IDENTIFICADOR DE NÚMERO DE CONTROL
campo de control ES-MaACL
005 - FECHA Y HORA DE LA ÚLTIMA TRANSACCIÓN
campo de control 20230906165059.0
007 - CAMPO FIJO DE DESCRIPCIÓN FÍSICA--INFORMACIÓN GENERAL
campo de control de longitud fija t|
008 - DATOS DE LONGITUD FIJA--INFORMACIÓN GENERAL
campo de control de longitud fija 031223s1977 sp ||||1| spa d
100 1# - ENTRADA PRINCIPAL--NOMBRE DE PERSONA
Nombre de persona Flórez, Jesús.
9 (RLIN) 51304
245 10 - MENCIÓN DEL TÍTULO
Título Curso práctico de farmacología fundamental para estudiantes de medicina /
Mención de responsabilidad, etc. preparado por J. Flórez, J.A. Armijo, A. Mediavilla.
260 ## - PUBLICACIÓN, DISTRIBUCIÓN, ETC.
Lugar de publicación, distribución, etc. Santander :
Nombre del editor, distribuidor, etc. [s.n.],
Fecha de publicación, distribución, etc. 1977.
300 ## - DESCRIPCIÓN FÍSICA
Extensión 37 p. (pag. var.) ;
Dimensiones 30 cm.
650 #4 - PUNTO DE ACCESO ADICIONAL DE MATERIA--TÉRMINO DE MATERIA
Término de materia o nombre geográfico como elemento de entrada Farmacología-
Subdivisión de forma Manuales de laboratorio.
9 (RLIN) 164631
700 1# - ENTRADA AGREGADA--NOMBRE PERSONAL
Nombre de persona Armijo, Juan Antonio.
9 (RLIN) 22978
700 1# - ENTRADA AGREGADA--NOMBRE PERSONAL
Nombre de persona Mediavilla, Africa.
9 (RLIN) 79675
852 ## - LOCALIZACIÓN
Ubicación ES-MaACL
Número de control de estantería 2106-F-19
Sublocalización o colección R.96936
Holdings
Estatus retirado Estado de pérdida Estado de daño No para préstamo Colección Biblioteca de origen Biblioteca actual Ubicación en estantería Fecha de adquisición Fuente de adquisición Total de préstamos Signatura topográfica completa Código de barras Visto por última vez Precio de reemplazo Tipo de ítem Koha
        Colección de folletos Biblioteca del Ateneo de Madrid Biblioteca del Ateneo de Madrid Depósito folletos 17/01/2008     2106-F-19 1067320 23/02/2023 23/02/2023 Folleto